000 00282nam a22001097a 4500
008 170511b xxu||||| |||| 00| 0 eng d
080 _a34
100 _a15
101 _aSHJ
245 _aHAFTUNG DES STAATES FUR RECHTSWIDRIGES BERHALTEN SEINER ORGANE
_cVERLAG, C.H
942 _2udc
_cBK
999 _c13202
_d13202